| 000 | 00391nam a2200133Ia 4500 | ||
|---|---|---|---|
| 020 | _a0719009987 | ||
| 082 | _a368.0941 HIS | ||
| 100 |
_aWestall, O. M. _94735 |
||
| 245 | 4 | _aThe Historian and the Business of Insurance | |
| 260 |
_aLondon: _bBritish Library Cataloguing in Publication Data _c1984 |
||
| 300 | _aix, 196p. :ill. ;23cm | ||
| 650 |
_aManchester Universty press _94736 |
||
| 942 | _cBK | ||
| 999 |
_c3635 _d3635 |
||